000 01219cam a22003493a 4500
001 1342
005 20230818092449.0
008 020131s2003 nyua j 000 1 eng d
020 _a0375814353
040 _aIMF
_cIMF
_dOCLCQ
_dDLC
_beng
050 0 0 _aMLCS 2006/42274
082 _aFic
100 1 _aMcMullan, Kate.
245 1 0 _aNubby bear /
_c[text by Kate McMullan ; illustrated by Chris Moroney].
250 _a1st ed.
260 _aNew York :
_bRandom House,
_c2003.
300 _a10 unnumbered pages :
_bcolor illustrations ;
_c16 cm
500 _aBoard books.
500 _aCover title.
505 _aB
520 _aSweet, soft illustrations and irresistible Nubby patches combine to make these simply rhymed stories ones that little readers can’t resist reaching for. Guess what Nubby Bears like most? Sticky honey Nubby toast.
521 _a160
_bLexile estimate
521 _aB
_bRaz-Plus
650 1 _aBears
_vFiction.
650 1 _aToy and movable books.
650 1 _aStories in rhyme.
650 1 _aTextured books.
650 1 _aTeddy bears
_vFiction.
700 1 _aMoroney, Christopher
_eillustrator
906 _a7
_bcbc
_ccopycat
_d4
_eepcn
_f20
_gy-gencatlg
942 _2ddc
_cBK
_n0
999 _c1342
_d1342